Formes de Pays Déformées - Statistiques

Statistiques générales
  • Ce quiz a été pris 58 fois
  • Le résultat moyen est 8 sur 20
Statistiques - réponses
Par images Réponse % Correct
Chine
82%
Afrique du Sud
77%
États-Unis
64%
Grèce
55%
France
50%
Allemagne
46%
Brésil
46%
Vietnam
46%
Inde
43%
Norvège
39%
Turquie
38%
Panama
34%
Irlande
32%
Mexique
32%
Chili
30%
Pakistan
25%
Oman
20%
Mali
14%
Tchad
13%
Syrie
11%
Aucun quiz correspondant
Distribution des résultats
% des personnes avec chaque résultat
Percentile par nombre de réponses
Votre historique - résultats
Vous n’avez pas pris ce quiz